[Event "Wuerttemberg-ch U14"]
[Site "Friedrichshafen"]
[Date "2005.03.31"]
[Round "5"]
[White "Schlude, Timo"]
[Black "Hamm, Lukas"]
[Result "1/2-1/2"]
[WhiteElo "1244"]
[BlackElo "1130"]
[PlyCount "40"]
[EventDate "2005.03.29"]
[EventType "swiss"]
[EventRounds "7"]
[EventCountry "GER"]
[SourceTitle "EXT 2007"]
[Source "ChessBase"]
[SourceDate "2006.11.23"]
[SourceVersion "1"]
[SourceVersionDate "2006.11.23"]
[SourceQuality "1"]

1. e4 e5 2. Nf3 Nc6 3. Bc4 Bc5 4. c3 d6 5. d3 Bg4 6. Nbd2 Nf6 7. Qb3 0-0 8. h3 Na5 9. Qa4 Nxc4 10. Qxc4 Be6 11. Qa4 Bb6 12. Nc4 Re8 13. Nxb6 axb6 14. Qd1 d5 15. exd5 Bxd5 16. 0-0 e4 17. dxe4 Bxe4 18. Qxd8 Raxd8 19. Bg5 Bxf3 20. gxf3 h6 1/2-1/2

[Event "Wuerttemberg-ch U14"]
[Site "Friedrichshafen"]
[Date "2005.03.30"]
[Round "4"]
[White "Zhou, Syang"]
[Black "Schlude, Timo"]
[Result "1-0"]
[WhiteElo "1441"]
[BlackElo "1244"]
[PlyCount "75"]
[EventDate "2005.03.29"]
[EventType "swiss"]
[EventRounds "7"]
[EventCountry "GER"]
[SourceTitle "EXT 2007"]
[Source "ChessBase"]
[SourceDate "2006.11.23"]
[SourceVersion "1"]
[SourceVersionDate "2006.11.23"]
[SourceQuality "1"]

1. e4 d6 2. d4 Nf6 3. Bd3 g6 4. Nf3 Bg7 5. 0-0 0-0 6. Bg5 c6 7. Qc1 Re8 8. Rd1 Qc7 9. Bh6 Bh8 10. h3 b5 11. e5 Nd5 12. c4 Nb4 13. cxb5 Nxd3 14. Rxd3 Bb7 15. bxc6 Qxc6 16. Qxc6 Nxc6 17. exd6 exd6 18. Nc3 Nb4 19. Rd2 Bxf3 20. gxf3 Bxd4 21. Rxd4 Nc2 22. Rad1 Nxd4 23. Rxd4 Rad8 24. Nb5 Re5 25. Nxa7 Rh5 26. Nc6 Rd7 27. Bf4 Rh4 28. Rxd6 Rxd6 29. Bxd6 Rc4 30. Ne7+ Kg7 31. b4 Kf6 32. b5 Ke6 33. Ba3 Ra4 34. b6 Rxa3 35. b7 Kxe7 36. b8Q Rxa2 37. Qe5+ Kd8 38. Qd5+ 1-0